| 000 | 02063nam a2200433 i 4500 | ||
|---|---|---|---|
| 001 | ebr10897970 | ||
| 003 | CaPaEBR | ||
| 006 | m o d | ||
| 007 | cr cn||||||||| | ||
| 008 | 140809t20132013sz a ob 000 0 eng d | ||
| 020 | _z9789292510237 | ||
| 020 | _a9789292510244 (e-book) | ||
| 040 |
_aCaPaEBR _beng _erda _epn _cCaPaEBR |
||
| 035 | _a(OCoLC)889313038 | ||
| 043 | _af-ke--- | ||
| 050 | 1 | 4 |
_aHD5840.5.A6 _b.I584 2013eb |
| 082 | 0 | 4 |
_a331.12 _223 |
| 110 | 2 |
_aInternational Labour Organisation, _eauthor. |
|
| 245 | 1 | 0 |
_aKenya : _bmaking quality employment the driver of development / _cInternational Labour Organisation, International Institute for Labour Studies. |
| 264 | 1 |
_aGeneva, Switzerland : _bInternational Labour Organization, _c2013. |
|
| 264 | 4 | _c�2013 | |
| 300 |
_a1 online resource (188 pages) : _billustrations (some color), tables. |
||
| 336 |
_atext _2rdacontent |
||
| 337 |
_acomputer _2rdamedia |
||
| 338 |
_aonline resource _2rdacarrier |
||
| 490 | 1 | _aStudies on Growth with Equity | |
| 504 | _aIncludes bibliographical references at the end of each chapters. | ||
| 588 | _aDescription based on online resource; title from PDF title page (ebrary, viewed August 7, 2014). | ||
| 590 | _aElectronic reproduction. Palo Alto, Calif. : ebrary, 2014. Available via World Wide Web. Access may be limited to ebrary affiliated libraries. | ||
| 650 | 0 |
_aLabor market _zKenya. |
|
| 650 | 0 |
_aManpower policy _zKenya. |
|
| 651 | 0 |
_aKenya _xEconomic conditions. |
|
| 655 | 0 | _aElectronic books. | |
| 710 | 2 |
_aInternational Institute for Labour Studies, _eauthor. |
|
| 776 | 0 | 8 |
_iPrint version: _aInternational Labour Organisation. _tKenya : making quality employment the driver of development. _dGeneva, Switzerland : International Labour Organization, c2013 _hxiv, 169 pages _kStudies on growth with equity. _z9789292510237 |
| 797 | 2 | _aebrary. | |
| 830 | 0 | _aStudies on growth with equity. | |
| 856 | 4 | 0 |
_uhttp://site.ebrary.com/lib/rucke/Doc?id=10897970 _zAn electronic book accessible through the World Wide Web; click to view |
| 999 |
_c54451 _d54451 |
||